书目信息 |
| 题名: |
地球环境与健康
|
|
| 作者: | 谭见安 编著 | |
| 分册: | ||
| 出版信息: | 北京 化学工业出版社 2004 |
|
| 页数: | 260页 | |
| 开本: | 26cm | |
| 丛书名: | ||
| 单 册: | ||
| 中图分类: | X503.1 | |
| 科图分类: | ||
| 主题词: | 环境影响--健康 | |
| 电子资源: | ||
| ISBN: | 7-5025-5366-5 | |
| 000 | 00736nam0 2200217 45 | |
| 001 | 002654860 | |
| 005 | 20050331090503.9 | |
| 010 | @a7-5025-5366-5@dCNY38.00 | |
| 100 | @a20040531d2004 em y0chiy0110 ea | |
| 101 | 0 | @achi |
| 102 | @aCN@b110000 | |
| 105 | @ay z 000yy | |
| 200 | 1 | @a地球环境与健康@Adi qiu huan jing yu jian kang@f谭见安等编著@FTan Jian An Deng Bian Zhu |
| 210 | @a北京@c化学工业出版社@d2004 | |
| 215 | @a260页@d26cm | |
| 330 | @a本书从整个地球的角度出发研究地球环境结构、特征和变化及其与生命健康的关系,全面论述地球的地质环境、大气环境、水环境及土壤环境和地理环境。 | |
| 606 | 0 | @a环境影响@x健康 |
| 690 | @aX503.1@v4 | |
| 701 | 0 | @a谭见安@4编著 |
| 801 | 0 | @aCN@bNLC@c20040622 |
| 905 | @f5@b346716-720@dX503.1@e27 | |
| 地球环境与健康/谭见安等编著.-北京:化学工业出版社,2004 |
| 260页;26cm |
| ISBN 7-5025-5366-5:CNY38.00 |
| 本书从整个地球的角度出发研究地球环境结构、特征和变化及其与生命健康的关系,全面论述地球的地质环境、大气环境、水环境及土壤环境和地理环境。 |
| ● |
| 相关链接 |
|
|
|
|
正题名:地球环境与健康
索取号:X503.1/27
 
预约/预借
| 序号 | 登录号 | 条形码 | 馆藏地/架位号 | 状态 | 备注 |
| 1 | 0346716 | 203467168 | 第二样本阅览室/ [索取号:X503.1/27] | 在馆 | |
| 2 | 0346717 | 203467177 | 第三借阅区/ [索取号:X503.1/27] | 在馆 | |
| 3 | 0346718 | 203467186 | 第三借阅区/ [索取号:X503.1/27] | 在馆 | |
| 4 | 0346719 | 203467195 | 第三借阅区/ [索取号:X503.1/27] | 在馆 | |
| 5 | 0346720 | 203467202 | 第三借阅区/ [索取号:X503.1/27] | 在馆 |